| 000 | 00400nam a2200133Ia 4500 | ||
|---|---|---|---|
| 008 | 220217s9999||||xx |||||||||||||| ||und|| | ||
| 020 | _a81-203-1867-6 | ||
| 082 | _a005 133 CHU | ||
| 100 |
_aChaudhry, Irfan Bartholomew _92363 |
||
| 245 | 0 | _aMCSE : microsoft sql server 2000 administration | |
| 260 |
_aPrentiice hall of india _bNew Delhi _c2001 |
||
| 300 | _b425 | ||
| 650 | _aOperating systems | ||
| 999 |
_c168889 _d168889 |
||